000 01113nam a2200229Ia 4500
020 _a9789250056081
020 _a9250056087
040 _cOSU
082 _a338 FOO 2006 A065 Or.
110 2 _aFAO Working Group on the Assessment of Small Pelagic Fish Off Northwest Africa.
245 1 0 _aReport of the FAO Working Group on the Assessment of Small Pelagic Fish off Northwest Africa :
_bNouadhibou, Mauritania, 26 April- 5 May 2005 = Rapport du Groupe de travail de la FAO sur l'©♭valuation des Petits P©♭lagiques au large de l'Afrique Nord-occidentale : Nouadhibou, Mauritanie, 26 avril-5 mai 2005
246 3 1 _aRapport du Groupe de travail de la FAO sur l'©♭valuation des Petits P©♭lagiques au large de l'Afrique Nord-occidentale
260 _aRome :
_bFood and Agriculture Organization of the United Nations,
_cc2006
300 _ax, 180 p. :
_bill. ;
_c30 cm
490 1 _aFAO fisheries reports =
_aRapport sur les p©®ches,
500 _a"FIRM/R785(Bi)."
650 0 _aFishery resources
650 0 _aFish stock assessment
650 0 _aMarine fishes
650 0 _aFishes
942 _cEK
999 _c14305
_d14305